000 00285nmm a2200097Ia 4500
008 220120s9999||||xx |||||||||||||||||und||
020 _a81-203-2165-0
100 _aPCQ
245 0 _a15 best open source software for storage virtualization and
260 _aCyber media Pvt. Ltd.
_bNew Delhi
999 _c139941
_d139941